[Event "ESP-chT"]
[Site "Cordoba"]
[Date "1995.??.??"]
[Round "1"]
[White "Cubas Pons, Juan Miguel"]
[Black "Mellado Trivino, Juan"]
[Result "1/2-1/2"]
[WhiteElo "2110"]
[BlackElo "2460"]
[PlyCount "81"]
[EventDate "1995.??.??"]
[EventType "team"]
[EventRounds "9"]
[EventCountry "ESP"]
[SourceTitle "EXT 2000"]
[Source "ChessBase"]
[SourceDate "1999.11.16"]
[SourceVersion "1"]
[SourceVersionDate "1999.11.16"]
[SourceQuality "1"]

1. Nf3 f5 2. g3 Nf6 3. Bg2 d6 4. d4 g6 5. c4 Bg7 6. Nc3 O-O 7. O-O c6 8. Qc2
Kh8 9. b3 a5 10. Bb2 Na6 11. Rad1 Bd7 12. Rfe1 d5 13. Ne5 Be6 14. c5 Nb8 15. a3
Nbd7 16. b4 axb4 17. Nxd7 Qxd7 18. axb4 g5 19. Bc1 h6 20. f3 Qe8 21. Be3 Qf7
22. Ra1 Nd7 23. Rxa8 Rxa8 24. Bf2 f4 25. g4 Nf8 26. b5 Bd7 27. bxc6 bxc6 28.
Na4 e5 29. Nb6 Re8 30. Qc3 exd4 31. Bxd4 Bxd4+ 32. Qxd4+ Qg7 33. Qd2 Ne6 34. e4
fxe3 35. Rxe3 Nf4 36. Bf1 Rxe3 37. Qxe3 Be6 38. h4 Qa1 39. h5 Kg7 40. Nd7 Bxd7
41. Qe7+ 1/2-1/2

[Event "ESP-chT"]
[Site "Cordoba"]
[Date "1995.??.??"]
[Round "2"]
[White "Cacho Reigadas, Sergio"]
[Black "Cubas Pons, Juan Miguel"]
[Result "1/2-1/2"]
[WhiteElo "2400"]
[BlackElo "2110"]
[PlyCount "120"]
[EventDate "1995.??.??"]
[EventType "team"]
[EventRounds "9"]
[EventCountry "ESP"]
[SourceTitle "EXT 2000"]
[Source "ChessBase"]
[SourceDate "1999.11.16"]
[SourceVersion "1"]
[SourceVersionDate "1999.11.16"]
[SourceQuality "1"]

1. d4 d5 2. c4 e6 3. Nc3 Nf6 4. Bg5 Be7 5. e3 O-O 6. Nf3 Nbd7 7. Qc2 c5 8.
O-O-O cxd4 9. exd4 dxc4 10. Bxc4 a6 11. Ne5 h6 12. h4 Qc7 13. f4 b5 14. Bd3 Bb7
15. a3 Rfc8 16. Rh3 b4 17. Nxd7 bxc3 18. Nxf6+ Bxf6 19. Bh7+ Kf8 20. Rxc3 Qd6
21. Bxf6 Qxf4+ 22. Kb1 Qxf6 23. Be4 Rxc3 24. bxc3 Bxe4 25. Qxe4 Rb8+ 26. Ka1
Qe7 27. Ka2 Qc7 28. Qd3 Qb7 29. Qc2 Rc8 30. c4 g6 31. Qe2 Qc6 32. Rc1 Qd6 33.
Qe3 Kg8 34. g3 Rd8 35. Rd1 Qc7 36. Rc1 h5 37. Qe5 Qb7 38. Rb1 Qg2+ 39. Rb2 Qf1
40. c5 Qc4+ 41. Kb1 Qd3+ 42. Ka2 Qxd4 43. Qxd4 Rxd4 44. Rc2 Rd8 45. Kb3 Kf8 46.
Kb4 Ke7 47. Ka5 Rd3 48. a4 Kd7 49. c6+ Kc7 50. Kxa6 Rxg3 51. Rf2 Kxc6 52. Rxf7
Rg4 53. a5 Rxh4 54. Rf6 Rg4 55. Rxe6+ Kd5 56. Re1 h4 57. Kb5 Rg2 58. a6 Rb2+
59. Ka5 Ra2+ 60. Kb6 Rb2+ 1/2-1/2

[Event "ESP-chT"]
[Site "Cordoba"]
[Date "1995.??.??"]
[Round "3"]
[White "Cubas Pons, Juan Miguel"]
[Black "Pablo Marin, Alejandro"]
[Result "0-1"]
[WhiteElo "2110"]
[BlackElo "2390"]
[PlyCount "60"]
[EventDate "1995.??.??"]
[EventType "team"]
[EventRounds "9"]
[EventCountry "ESP"]
[SourceTitle "EXT 2000"]
[Source "ChessBase"]
[SourceDate "1999.11.16"]
[SourceVersion "1"]
[SourceVersionDate "1999.11.16"]
[SourceQuality "1"]

1. Nf3 d5 2. d4 e6 3. c4 c6 4. e3 f5 5. Nc3 Nf6 6. Qc2 Bd6 7. Be2 O-O 8. a3 Ne4
9. b4 a6 10. c5 Bc7 11. Bd3 Nd7 12. Bb2 Qe7 13. Ne2 a5 14. Ne5 Bxe5 15. dxe5
axb4 16. axb4 Rxa1+ 17. Bxa1 b6 18. f3 bxc5 19. fxe4 fxe4 20. Bxe4 dxe4 21.
bxc5 Nxc5 22. Nf4 Ba6 23. Bd4 Nd3+ 24. Kd2 c5 25. Ba1 Nxf4 26. exf4 Rxf4 27.
Kc1 Bd3 28. Qd2 Qa7 29. Bb2 Qa2 30. Kd1 e3 0-1

[Event "ESP-chT"]
[Site "Cordoba"]
[Date "1995.??.??"]
[Round "7"]
[White "Blazquez Gomez, Juan Carlos"]
[Black "Cubas Pons, Juan Miguel"]
[Result "0-1"]
[WhiteElo "2285"]
[BlackElo "2110"]
[PlyCount "118"]
[EventDate "1995.??.??"]
[EventType "team"]
[EventRounds "9"]
[EventCountry "ESP"]
[SourceTitle "EXT 2000"]
[Source "ChessBase"]
[SourceDate "1999.11.16"]
[SourceVersion "1"]
[SourceVersionDate "1999.11.16"]
[SourceQuality "1"]

1. e4 e6 2. d3 c5 3. Nd2 Nc6 4. Ngf3 d6 5. g3 Be7 6. Bg2 g5 7. Nc4 h5 8. Ne3 h4
9. c3 Nh6 10. Qe2 Bd7 11. g4 Bf6 12. h3 Qe7 13. O-O Ne5 14. Nxe5 dxe5 15. b4
cxb4 16. cxb4 Qxb4 17. Nc4 b5 18. Nd2 Be7 19. Nf3 f6 20. Bd2 Qd6 21. d4 Nf7 22.
Rfd1 exd4 23. e5 fxe5 24. Nxd4 Rb8 25. Nf3 e4 26. Qxe4 Bc6 27. Qe2 Bxf3 28.
Bxf3 Qe5 29. Bc6+ Kf8 30. Qf3 Bf6 31. Rdc1 Rh6 32. Re1 Qd6 33. Qe2 Ne5 34. Be4
Nc4 35. Red1 Nxd2 36. Rxd2 Bd4 37. Qd3 Rd8 38. Qf3+ Kg8 39. Rad1 Qe5 40. Kg2
Rf6 41. Qe2 Kg7 42. Bc6 Rxf2+ 43. Qxf2 Bxf2 44. Rxd8 Qg3+ 45. Kf1 Bb6 46. R1d7+
Kf6 47. Rf8+ Ke5 48. Rf3 Qg1+ 49. Ke2 Qc1 50. Bb7 Bd4 51. Rd3 Qc2+ 52. Rd2 Qc4+
53. Kd1 Be3 54. R2d3 Bf4 55. a3 a5 56. Rf3 b4 57. Rdd3 bxa3 58. Rxa3 Qc1+ 59.
Ke2 Qb2+ 0-1

[Event "ESP-chT"]
[Site "Cordoba"]
[Date "1995.??.??"]
[Round "8"]
[White "Cubas Pons, Juan Miguel"]
[Black "Del Rio de Angelis, Salvador Gabriel"]
[Result "0-1"]
[WhiteElo "2110"]
[BlackElo "2365"]
[PlyCount "60"]
[EventDate "1995.??.??"]
[EventType "team"]
[EventRounds "9"]
[EventCountry "ESP"]
[SourceTitle "EXT 2000"]
[Source "ChessBase"]
[SourceDate "1999.11.16"]
[SourceVersion "1"]
[SourceVersionDate "1999.11.16"]
[SourceQuality "1"]

1. Nf3 c5 2. c4 Nc6 3. d4 cxd4 4. Nxd4 g6 5. Nc3 Bg7 6. e3 Nf6 7. Be2 O-O 8.
O-O d6 9. b3 Nd7 10. Bb2 Nc5 11. Bf3 Bd7 12. Qd2 a5 13. Rfd1 a4 14. Nxc6 Bxc6
15. Bxc6 bxc6 16. b4 a3 17. bxc5 axb2 18. Qxb2 Qa5 19. Rac1 Qxc5 20. Qe2 Rfb8
21. Rc2 Rb4 22. Ne4 Qe5 23. Nc3 Rab8 24. Rdc1 Qe6 25. Nd1 Ra8 26. Qd2 Rba4 27.
Rb1 Rxc4 28. Rbc1 Rxc2 29. Qxc2 c5 30. a4 Qd7 0-1

[Event "San Cristobal op"]
[Site "Asuncion"]
[Date "1995.??.??"]
[Round "4"]
[White "Figari, Esteban"]
[Black "Cubas Pons, Juan Miguel"]
[Result "1/2-1/2"]
[WhiteElo "2045"]
[BlackElo "2165"]
[PlyCount "67"]
[EventDate "1995.??.??"]
[EventType "swiss"]
[EventRounds "7"]
[EventCountry "PAR"]
[SourceTitle "EXT 1997"]
[Source "ChessBase"]
[SourceDate "1996.11.15"]
[SourceVersion "1"]
[SourceVersionDate "1996.11.15"]
[SourceQuality "1"]

1. e4 e6 2. d4 d5 3. e5 b6 4. c3 Qd7 5. Bd3 Ne7 6. Ne2 Ba6 7. Bc2 c5 8. O-O Ng6
9. f4 cxd4 10. cxd4 Nc6 11. Nbc3 Nge7 12. Ba4 Nf5 13. g4 Nh4 14. f5 h5 15. Bg5
hxg4 16. Bxh4 Rxh4 17. fxe6 fxe6 18. Qc2 O-O-O 19. Rac1 Kb8 20. Qd2 Rc8 21. Rf2
g6 22. Qg5 Rh3 23. Qxg4 Rh7 24. Rcf1 Bh6 25. Rf3 Qe7 26. Bb5 Bxb5 27. Nxb5 Rch8
28. Nd6 Nd8 29. R1f2 Bd2 30. Ng3 g5 31. Rxd2 Rh4 32. Rc3 Nc6 33. Qd1 Qd7 34.
Qc2 {usw / etc. Rest unav.} 1/2-1/2

[Event "San Cristobal op"]
[Site "Asuncion"]
[Date "1995.??.??"]
[Round "5"]
[White "Cubas Pons, Juan Miguel"]
[Black "Bergonzi, Osvaldo"]
[Result "1-0"]
[WhiteElo "2165"]
[BlackElo "2240"]
[PlyCount "81"]
[EventDate "1995.??.??"]
[EventType "swiss"]
[EventRounds "7"]
[EventCountry "PAR"]
[SourceTitle "EXT 1997"]
[Source "ChessBase"]
[SourceDate "1996.11.15"]
[SourceVersion "1"]
[SourceVersionDate "1996.11.15"]
[SourceQuality "1"]

1. d4 d5 2. c4 c6 3. Nc3 e6 4. Nf3 Bd6 5. e4 dxe4 6. Nxe4 Bb4+ 7. Bd2 Be7 8.
Bc3 Nf6 9. Bd3 Nbd7 10. O-O O-O 11. Re1 b6 12. Qc2 Bb7 13. Rad1 Qc7 14. Ne5
Nxe4 15. Bxe4 Nf6 16. Bf3 Rfd8 17. Qe2 Bf8 18. b3 a5 19. g4 h6 20. h4 c5 21. g5
hxg5 22. hxg5 Nh7 23. Bxb7 Qxb7 24. g6 fxg6 25. Qg4 Re8 26. dxc5 Bxc5 27. Rd7
Nf6 28. Rxb7 Nxg4 29. Nxg4 Re7 30. Rxe7 Bxe7 31. Rxe6 Bc5 32. Rxg6 Ra7 33. Ne3
Re7 34. Rg3 Kf8 35. Kf1 Bd6 36. Rxg7 Re6 37. Nd5 b5 38. cxb5 Be5 39. Bxe5 Rxe5
40. Rd7 Ke8 41. Rd6 1-0

[Event "San Cristobal op"]
[Site "Asuncion"]
[Date "1995.??.??"]
[Round "6"]
[White "Cubas Pons, Juan Miguel"]
[Black "Kropff, Ricardo"]
[Result "0-1"]
[WhiteElo "2165"]
[BlackElo "2210"]
[PlyCount "73"]
[EventDate "1995.??.??"]
[EventType "swiss"]
[EventRounds "7"]
[EventCountry "PAR"]
[SourceTitle "EXT 1997"]
[Source "ChessBase"]
[SourceDate "1996.11.15"]
[SourceVersion "1"]
[SourceVersionDate "1996.11.15"]
[SourceQuality "1"]

1. d4 Nf6 2. c4 e6 3. Nc3 Bb4 4. Qc2 O-O 5. a3 Bxc3+ 6. Qxc3 b6 7. f3 d5 8. b3
Bb7 9. Nh3 Nbd7 10. e3 c5 11. Bd3 dxc4 12. bxc4 cxd4 13. exd4 e5 14. dxe5 Nxe5
15. Be2 Re8 16. O-O Rc8 17. Rd1 Qc7 18. Bf4 Qc5+ 19. Qd4 Qxd4+ 20. Rxd4 Nc6 21.
Rd2 Na5 22. Rad1 Nxc4 23. Bxc4 Rxc4 24. Bg5 Ra4 25. Nf4 Rxa3 26. Bxf6 gxf6 27.
Nh5 Kf8 28. Nxf6 Re7 29. g4 Rxf3 30. Rd8+ Kg7 31. g5 Kg6 32. Rg8+ Kf5 33. Nh5
Rfe3 34. Rd2 b5 35. Rg7 b4 36. Rxh7 Kxg5 37. Ng3 {usw / etc. Rest unav.} 0-1

[Event "Wch U14"]
[Site "St Lorenzo"]
[Date "1995.??.??"]
[Round "1"]
[White "Horvath, Adam"]
[Black "Cubas, Jose Fernando"]
[Result "0-1"]
[WhiteElo "2235"]
[BlackElo "2165"]
[PlyCount "85"]
[EventDate "1995.??.??"]
[EventType "swiss"]
[EventRounds "11"]
[EventCountry "MEX"]
[SourceTitle "Juniors"]
[Source "ChessBase"]
[SourceDate "1999.07.01"]
[SourceVersion "1"]
[SourceVersionDate "1999.07.01"]
[SourceQuality "1"]

1. e4 e6 2. d4 d5 3. Nc3 Nf6 4. Bg5 dxe4 5. Nxe4 Be7 6. Ng3 O-O 7. Nf3 Nbd7 8.
Bd3 c6 9. c3 h6 10. Bd2 Qc7 11. Qe2 Rd8 12. O-O Bd6 13. c4 c5 14. Bc3 cxd4 15.
Bxd4 e5 16. Bc3 Re8 17. b4 b6 18. Nd2 Bb7 19. Nde4 Bf8 20. Rfe1 Rad8 21. f3 g6
22. Rad1 Nxe4 23. fxe4 Bg7 24. Nf1 Nf8 25. Ne3 Ne6 26. g3 Ng5 27. Nf1 f5 28.
Nd2 Rf8 29. Rf1 Qc6 30. b5 Qc5+ 31. Kh1 Rxd3 32. Qxd3 fxe4 33. Rxf8+ Bxf8 34.
Qd7 Ba8 35. Qe8 Bb7 36. Qxg6+ Bg7 37. Qe8+ Bf8 38. Qd7 Ba8 39. Qd8 Bb7 40. Qb8
Qe7 41. Qxe5 e3+ 42. Kg1 Qxe5 43. Bxe5 0-1

[Event "Wch U14"]
[Site "St Lorenzo"]
[Date "1995.??.??"]
[Round "5"]
[White "Zumtobel, Thomas"]
[Black "Cubas, Jose Fernando"]
[Result "1/2-1/2"]
[WhiteElo "2120"]
[BlackElo "2165"]
[PlyCount "42"]
[EventDate "1995.??.??"]
[EventType "swiss"]
[EventRounds "11"]
[EventCountry "MEX"]
[SourceTitle "Juniors"]
[Source "ChessBase"]
[SourceDate "1999.07.01"]
[SourceVersion "1"]
[SourceVersionDate "1999.07.01"]
[SourceQuality "1"]

1. e4 e5 2. Nf3 Nc6 3. Bb5 a6 4. Bxc6 dxc6 5. d4 exd4 6. Qxd4 Bg4 7. Nc3 Qxd4
8. Nxd4 O-O-O 9. Nde2 Bxe2 10. Kxe2 Bc5 11. Be3 Bxe3 12. Kxe3 Nf6 13. h3 Rhe8
14. Rad1 Nd5+ 15. Kf3 Nxc3 16. bxc3 Rd6 17. Rd4 Re5 18. Rhd1 Kd7 19. Rb1 b6 20.
Rb3 f5 21. exf5 Rxf5+ 1/2-1/2

[Event "Wch U14"]
[Site "St Lorenzo"]
[Date "1995.??.??"]
[Round "6"]
[White "Cubas, Jose Fernando"]
[Black "Vajda, Levente"]
[Result "0-1"]
[WhiteElo "2165"]
[BlackElo "2385"]
[PlyCount "86"]
[EventDate "1995.??.??"]
[EventType "swiss"]
[EventRounds "11"]
[EventCountry "MEX"]
[SourceTitle "Juniors"]
[Source "ChessBase"]
[SourceDate "1999.07.01"]
[SourceVersion "1"]
[SourceVersionDate "1999.07.01"]
[SourceQuality "1"]

1. e4 c5 2. Nc3 Nc6 3. g3 g6 4. Bg2 Bg7 5. d3 d6 6. Nge2 e6 7. Be3 Nd4 8. Qd2
Ne7 9. O-O O-O 10. f4 Nec6 11. g4 Nxe2+ 12. Qxe2 Nd4 13. Qd2 f5 14. gxf5 gxf5
15. Rae1 Bd7 16. Ne2 fxe4 17. dxe4 Nxe2+ 18. Qxe2 Qe7 19. c3 Bc6 20. Qg4 Kh8
21. Kh1 Rg8 22. Qh3 b6 23. Bd2 Qb7 24. Re3 Raf8 25. Qxe6 Re8 26. Qc4 Bh6 27.
Rg3 Rxg3 28. hxg3 Bxe4 29. Qe2 d5 30. g4 Qd7 31. Kh2 Bf5 32. Qf2 Bxg4 33. Qh4
Bg7 34. Rf2 Bf5 35. Bf3 Re6 36. Re2 Rh6 37. Bh5 Bg6 38. Re7 Qd8 39. Qe1 Rxh5+
40. Kg1 Be4 41. Qg3 Qxe7 42. f5 Rh1+ 43. Kf2 Qh4 0-1

[Event "Wch U14"]
[Site "St Lorenzo"]
[Date "1995.??.??"]
[Round "9"]
[White "Pert, Nicholas"]
[Black "Cubas, Jose Fernando"]
[Result "1-0"]
[WhiteElo "2160"]
[BlackElo "2165"]
[PlyCount "105"]
[EventDate "1995.??.??"]
[EventType "swiss"]
[EventRounds "11"]
[EventCountry "MEX"]
[SourceTitle "Juniors"]
[Source "ChessBase"]
[SourceDate "1999.07.01"]
[SourceVersion "1"]
[SourceVersionDate "1999.07.01"]
[SourceQuality "1"]

1. d4 d5 2. Nf3 c6 3. c4 Nf6 4. Nc3 e6 5. cxd5 exd5 6. Bg5 Be7 7. Qc2 Nbd7 8.
e3 O-O 9. Bd3 Re8 10. O-O Nf8 11. Rae1 Ne4 12. Bf4 f5 13. Ne5 Be6 14. f3 Nd6
15. Kh1 g5 16. Bg3 Bf6 17. Na4 Bg7 18. Nc5 Bc8 19. e4 dxe4 20. fxe4 f4 21. Qb3+
Kh8 22. Bf2 Ne6 23. Qc3 Qe7 24. Nxe6 Bxe6 25. Nf3 h6 26. Qc2 Qf7 27. b3 Rf8 28.
Qc5 Rad8 29. Qxa7 Qh5 30. Qc5 b6 31. Qxc6 g4 32. Nh4 Bf6 33. Nf5 g3 34. Nxg3
fxg3 35. Bxg3 Qe8 36. Qxe8 Nxe8 37. d5 Bg8 38. Bf4 Bg7 39. Be3 Rxf1+ 40. Bxf1
Nf6 41. Bxb6 Re8 42. d6 Be6 43. e5 Nd7 44. Bb5 Rb8 45. Bxd7 Bxd7 46. e6 Bxe6
47. Rxe6 Rxb6 48. d7 Rxe6 49. d8=Q+ Kh7 50. Qd3+ Kh8 51. g3 Bf8 52. Kg2 Bc5 53.
Qc3+ 1-0

[Event "Wch U18"]
[Site "Guarapuava"]
[Date "1995.??.??"]
[Round "1"]
[White "Socko, Bartosz"]
[Black "Cubas, Jose Fernando"]
[Result "1-0"]
[WhiteElo "2485"]
[BlackElo "2165"]
[PlyCount "80"]
[EventDate "1995.??.??"]
[EventType "swiss"]
[EventRounds "11"]
[EventCountry "BRA"]
[SourceTitle "Juniors"]
[Source "ChessBase"]
[SourceDate "1999.07.01"]
[SourceVersion "1"]
[SourceVersionDate "1999.07.01"]
[SourceQuality "1"]

1. d4 d5 2. c4 dxc4 3. Nc3 a6 4. g3 e6 5. Bg2 Nf6 6. Nf3 c5 7. dxc5 Qxd1+ 8.
Nxd1 Bxc5 9. Ne5 O-O 10. Ne3 Rd8 11. O-O Ra7 12. N3xc4 Nd5 13. Rd1 Be7 14. e4
Nb4 15. Be3 b6 16. Bxb6 Rxd1+ 17. Rxd1 Rb7 18. a3 N4c6 19. Nxc6 Nxc6 20. e5 Rd7
21. Rxd7 Bxd7 22. f4 g5 23. Kf2 gxf4 24. gxf4 Bh4+ 25. Ke3 Ne7 26. Nd6 Ba4 27.
b4 Bb3 28. Bc5 Be1 29. Ke2 Bc3 30. Kd3 Be1 31. Ne8 Nf5 32. Bb7 Ba4 33. Nf6+ Kg7
34. Bxa6 Nh4 35. Ke2 Bc3 36. Ne4 Bb2 37. b5 Ng6 38. b6 Bc3 39. b7 Nxf4+ 40. Ke3
Bxe5 1-0

[Event "Wch U18"]
[Site "Guarapuava"]
[Date "1995.??.??"]
[Round "7"]
[White "Ferguson, Mark"]
[Black "Cubas, Jose Fernando"]
[Result "1-0"]
[WhiteElo "2360"]
[BlackElo "2165"]
[PlyCount "65"]
[EventDate "1995.??.??"]
[EventType "swiss"]
[EventRounds "11"]
[EventCountry "BRA"]
[SourceTitle "Juniors"]
[Source "ChessBase"]
[SourceDate "1999.07.01"]
[SourceVersion "1"]
[SourceVersionDate "1999.07.01"]
[SourceQuality "1"]

1. e4 e6 2. d4 d5 3. Nd2 b6 4. Ngf3 Bb7 5. Bb5+ c6 6. Bd3 dxe4 7. Nxe4 Nd7 8.
Qe2 h6 9. Bf4 Ndf6 10. Nxf6+ Nxf6 11. O-O-O Bd6 12. Bg3 Qc7 13. Ne5 O-O-O 14.
Kb1 Kb8 15. c3 Rhf8 16. Rhe1 c5 17. Bb5 Ne4 18. f4 f5 19. Bf2 a6 20. Bd3 Bxe5
21. dxe5 Nxf2 22. Qxf2 Rd7 23. Bc4 Rfd8 24. Qe2 Be4+ 25. Kc1 Qc6 26. Rxd7 Rxd7
27. Bxa6 Qa8 28. Bc4 Re7 29. Rd1 Bd5 30. Bxd5 exd5 31. a3 Qc6 32. Qf3 Rd7 33.
c4 1-0

[Event "Wch U18"]
[Site "Guarapuava"]
[Date "1995.??.??"]
[Round "8"]
[White "Cubas, Jose Fernando"]
[Black "Basrak, Srdjan"]
[Result "0-1"]
[WhiteElo "2165"]
[BlackElo "2260"]
[PlyCount "62"]
[EventDate "1995.??.??"]
[EventType "swiss"]
[EventRounds "11"]
[EventCountry "BRA"]
[SourceTitle "Juniors"]
[Source "ChessBase"]
[SourceDate "1999.07.01"]
[SourceVersion "1"]
[SourceVersionDate "1999.07.01"]
[SourceQuality "1"]

1. e4 c5 2. Nc3 Nc6 3. g3 g6 4. Bg2 Bg7 5. d3 d6 6. Be3 e6 7. Qd2 Nge7 8. Nge2
Nd4 9. O-O O-O 10. f4 Bd7 11. g4 f5 12. h3 Rc8 13. Nd1 b5 14. Ng3 Ndc6 15. c3
Qa5 16. gxf5 exf5 17. e5 dxe5 18. Bxc5 Rfe8 19. fxe5 Nxe5 20. d4 Nc4 21. Qf2
Bc6 22. Re1 Bxg2 23. Qxg2 Qc7 24. Re2 Qd7 25. b3 Nd6 26. Nb2 Nd5 27. c4 bxc4
28. bxc4 Nf4 29. Rxe8+ Rxe8 30. Qd2 Nxh3+ 31. Kg2 f4 0-1

[Event "Linares Anibal op 02nd"]
[Site "Linares"]
[Date "1995.??.??"]
[Round "?"]
[White "Arbakov, Valentin"]
[Black "Cubas Pons, Juan Miguel"]
[Result "1-0"]
[WhiteElo "2500"]
[BlackElo "2050"]
[PlyCount "79"]
[EventDate "1995.01.??"]
[EventType "swiss"]
[EventRounds "9"]
[EventCountry "ESP"]
[SourceTitle "CBM 045 Extra"]
[Source "ChessBase"]
[SourceDate "1995.05.01"]
[SourceVersion "1"]
[SourceVersionDate "1995.05.01"]
[SourceQuality "1"]

1. c4 e6 2. Nf3 Nf6 3. d4 d5 4. Bg5 c6 5. Nbd2 Nbd7 6. a3 Be7 7. e3 Ne4 8. Bxe7
Qxe7 9. Be2 f5 10. Rc1 O-O 11. O-O f4 12. exf4 Rxf4 13. Bd3 e5 14. cxd5 cxd5
15. Re1 exd4 16. Qb3 Ndc5 17. Rxc5 Nxc5 18. Rxe7 Nxb3 19. Nxb3 Bg4 20. Nfxd4
Rf7 21. Bxh7+ Kf8 22. Rxf7+ Kxf7 23. Bd3 Rc8 24. f4 Bd1 25. Kf2 b6 26. Ke1 Bxb3
27. Nxb3 Rh8 28. h3 Rh4 29. f5 Kf6 30. Nd2 Rh8 31. Nf3 a5 32. Kd2 Ke7 33. h4
Kd6 34. g4 Kc5 35. g5 b5 36. f6 gxf6 37. g6 b4 38. axb4+ Kxb4 39. h5 Kb3 40. g7
1-0

[Event "Linares Anibal op 02nd"]
[Site "Linares"]
[Date "1995.??.??"]
[Round "?"]
[White "Cubas Pons, Juan Miguel"]
[Black "Komljenovic, Davorin"]
[Result "1-0"]
[WhiteElo "2050"]
[BlackElo "2465"]
[PlyCount "95"]
[EventDate "1995.01.??"]
[EventType "swiss"]
[EventRounds "9"]
[EventCountry "ESP"]
[SourceTitle "CBM 045 Extra"]
[Source "ChessBase"]
[SourceDate "1995.05.01"]
[SourceVersion "1"]
[SourceVersionDate "1995.05.01"]
[SourceQuality "1"]

1. c4 g6 2. Nc3 Bg7 3. Nf3 c5 4. g3 Nc6 5. Bg2 e6 6. a3 Nge7 7. O-O O-O 8. e3
b6 9. d4 Ba6 10. Qa4 Bb7 11. dxc5 bxc5 12. Ne4 Qb6 13. Qb5 Ba6 14. Qxc5 d5 15.
Qxb6 axb6 16. Nc3 Bxc4 17. Re1 b5 18. Nd2 Ne5 19. Nxc4 bxc4 20. Bd2 Rfb8 21.
Reb1 f5 22. a4 Nd3 23. Ra2 Kf8 24. Bf3 Nc6 25. Bd1 d4 26. Nb5 Ke7 27. Bf3 dxe3
28. Bxe3 Ra6 29. Nc7 Nce5 30. Nxa6 Nxf3+ 31. Kg2 Ra8 32. Kxf3 Rxa6 33. b4 Kd6
34. b5 Ra5 35. b6 Ne5+ 36. Ke2 Nc6 37. Rd2+ Ke7 38. b7 Be5 39. Rb6 Nb8 40. Bg5+
Kf7 41. Rb5 Rxb5 42. axb5 c3 43. Rd8 Bc7 44. Rc8 Bd6 45. Rxc3 e5 46. Be3 Ke6
47. Ba7 Nd7 48. Rc8 1-0

[Event "Linares Anibal op 02nd"]
[Site "Linares"]
[Date "1995.??.??"]
[Round "?"]
[White "Kurajica, Bojan"]
[Black "Cubas Pons, Juan Miguel"]
[Result "1-0"]
[WhiteElo "2585"]
[BlackElo "2050"]
[PlyCount "69"]
[EventDate "1995.01.??"]
[EventType "swiss"]
[EventRounds "9"]
[EventCountry "ESP"]
[SourceTitle "CBM 045 Extra"]
[Source "ChessBase"]
[SourceDate "1995.05.01"]
[SourceVersion "1"]
[SourceVersionDate "1995.05.01"]
[SourceQuality "1"]

1. d4 d5 2. Nf3 Nf6 3. c4 e6 4. e3 Nbd7 5. Bd3 dxc4 6. Bxc4 c5 7. O-O a6 8. a4
Qc7 9. Qe2 Be7 10. Nc3 cxd4 11. exd4 Nb6 12. Bb3 O-O 13. Bg5 Bd7 14. a5 Nc8 15.
d5 exd5 16. Bxf6 Bxf6 17. Nxd5 Qd6 18. Rfd1 Bb5 19. Bc4 Bxc4 20. Qxc4 b5 21.
Qc2 Ra7 22. Rac1 Ne7 23. Nb6 Qe6 24. b4 Ng6 25. h3 Nf4 26. Re1 Nxh3+ 27. gxh3
Qxh3 28. Qc8 Qxc8 29. Rxc8 Re7 30. Rxf8+ Kxf8 31. Rc1 Re4 32. Nd5 Bd8 33. Rc8
Ke8 34. Ra8 g5 35. Nf6+ 1-0

[Event "Buenos Aires TB"]
[Site "Buenos Aires"]
[Date "1996.??.??"]
[Round "1"]
[White "Seminara, Juan Pablo"]
[Black "Cubas, Jose Fernando"]
[Result "1-0"]
[WhiteElo "2255"]
[BlackElo "2160"]
[PlyCount "85"]
[EventDate "1996.??.??"]
[EventType "tourn"]
[EventRounds "11"]
[EventCountry "ARG"]
[SourceTitle "EXT 2001"]
[Source "ChessBase"]
[SourceDate "2000.11.22"]
[SourceVersion "1"]
[SourceVersionDate "2000.11.22"]
[SourceQuality "1"]

1. e4 e6 2. d4 d5 3. Nc3 Bb4 4. e5 b6 5. a3 Bxc3+ 6. bxc3 Ba6 7. Qg4 g6 8. Bxa6
Nxa6 9. Bg5 Qc8 10. Ne2 c5 11. O-O h6 12. Bh4 Nb8 13. Nf4 Qd7 14. Nh5 g5 15. f4
Kd8 16. fxg5 Kc7 17. g6 fxg6 18. Qxg6 Nc6 19. Rf7 Nge7 20. Bxe7 Nxe7 21. Qg7
Rae8 22. Nf6 Qd8 23. Nxe8+ Rxe8 24. Qxh6 Qc8 25. Raf1 Kb8 26. Qf6 Nc6 27. dxc5
bxc5 28. Rf8 Rxf8 29. Qxf8 Qxf8 30. Rxf8+ Kc7 31. h4 Nxe5 32. h5 d4 33. cxd4
cxd4 34. h6 d3 35. cxd3 Ng6 36. Rg8 Nf4 37. h7 Kd6 38. h8=Q a5 39. Rd8+ Kc6 40.
Qc3+ Kb7 41. Rb8+ Ka6 42. Qc6+ Ka7 43. Qb7# 1-0

[Event "Buenos Aires TB"]
[Site "Buenos Aires"]
[Date "1996.??.??"]
[Round "2"]
[White "Cubas, Jose Fernando"]
[Black "Roselli Mailhe, Bernardo"]
[Result "0-1"]
[WhiteElo "2160"]
[BlackElo "2455"]
[PlyCount "72"]
[EventDate "1996.??.??"]
[EventType "tourn"]
[EventRounds "11"]
[EventCountry "ARG"]
[SourceTitle "EXT 2001"]
[Source "ChessBase"]
[SourceDate "2000.11.22"]
[SourceVersion "1"]
[SourceVersionDate "2000.11.22"]
[SourceQuality "1"]

1. e4 c5 2. Nc3 Nc6 3. g3 g6 4. Bg2 Bg7 5. d3 d6 6. Be3 e5 7. Qd2 Nd4 8. f4 Ne7
9. Nd1 O-O 10. c3 Ne6 11. Nf3 exf4 12. gxf4 d5 13. O-O f5 14. e5 d4 15. Bf2 Bh6
16. Bg3 Nd5 17. Ng5 Nexf4 18. Bxf4 Nxf4 19. Qxf4 Bxg5 20. Qf3 Rb8 21. Re1 Re8
22. c4 b6 23. Rb1 Bb7 24. Qe2 Bf4 25. Bxb7 Rxb7 26. Qf3 Qg5+ 27. Kh1 Rbe7 28.
Nf2 Bxe5 29. b4 Qh4 30. Nh3 cxb4 31. Rg1 Kh8 32. Rbe1 Bd6 33. Ref1 Re3 34. Qd5
Bxh2 35. Rf4 Bxf4 36. Qxd4+ R8e5 0-1

[Event "Buenos Aires TB"]
[Site "Buenos Aires"]
[Date "1996.??.??"]
[Round "3"]
[White "Fiorito, Fabian"]
[Black "Cubas, Jose Fernando"]
[Result "1-0"]
[WhiteElo "2455"]
[BlackElo "2160"]
[PlyCount "87"]
[EventDate "1996.??.??"]
[EventType "tourn"]
[EventRounds "11"]
[EventCountry "ARG"]
[SourceTitle "EXT 2001"]
[Source "ChessBase"]
[SourceDate "2000.11.22"]
[SourceVersion "1"]
[SourceVersionDate "2000.11.22"]
[SourceQuality "1"]

1. d4 d5 2. c4 c6 3. Nc3 Nf6 4. e3 a6 5. Nf3 b5 6. cxd5 cxd5 7. Ne5 e6 8. Bd3
Bd6 9. O-O O-O 10. Bd2 Bb7 11. f4 Nbd7 12. Be1 Ne4 13. a4 b4 14. Na2 a5 15. Qe2
f5 16. Nc1 Nxe5 17. fxe5 Be7 18. Nb3 Qb6 19. Bg3 Rac8 20. Bxe4 fxe4 21. Rxf8+
Bxf8 22. Qb5 Qc7 23. Nxa5 Ba8 24. Nb3 Bc6 25. Qe2 Ra8 26. a5 Qb7 27. Rc1 Bb5
28. Qg4 Qd7 29. Be1 Qf7 30. h4 Bc4 31. Nc5 Bxc5 32. dxc5 Rxa5 33. c6 Ra8 34.
Bxb4 Rc8 35. b3 h5 36. Qg5 Bb5 37. c7 Kh7 38. Bd6 Bd7 39. Rf1 Qg6 40. Qd8 d4
41. Qxd7 dxe3 42. Qxc8 Qg3 43. Qxe6 e2 44. Qf5+ 1-0